00630nam a2200169Ia 4500008004100000100002000041245011000061245010200171260003900273260000900312300002900321440004300350650001700393650001300410650002000423650001700443190511s9999 xx 000 0 und d aKlump, Kelly L. aEstrogen moderates genetic influences on binge eating during puberty: Disruption of nomative processes? / cKelly L. Klump, Natasha Fowler, Laura Mayhall, Cheryl L. Sisk, K.M. Culbert and Alexandra Burt.-- bAmerican Psychological Association c2018 aPages 458-470, July 2018 aJournal of Abnormal Psychologyv127(5) aBinge eating aestrogen aGenetic effects aprogesterone